000 00256nam a2200109Ia 4500
008 220204s9999 xx 000 0 und d
082 _a82-3
_bSMI
100 _aSmith, Guy N
245 4 _aThe Son of the werewolf
260 _aLondon
_bNel
_c1978
942 _cBK
999 _c33532
_d33532